Countries Most Similar To Spain - Statistics

General Stats
  • This quiz has been taken 272 times
  • The average score is 12 of 20
Answer Stats
Rank Country Score % Correct
1 Portugal 85.3
98%
3 France 78.5
97%
2 Italy 83.2
96%
8 Germany 74.3
83%
4 Greece 76.4
83%
5 Belgium 76.3
69%
16 Netherlands 73
62%
10 Austria 74.2
59%
7 Croatia 75.3
59%
11 Romania 73.6
53%
12 Poland 73.4
52%
6 Slovenia 75.9
48%
13 Czechia 73.2
40%
20 Denmark 70.7
40%
18 Hungary 71.3
40%
9 Luxembourg 74.3
40%
14 Slovakia 73.2
40%
19 Bulgaria 71.3
39%
15 Chile 73
35%
17 Uruguay 72.1
30%
No matching quizzes found
Score Distribution
Percent of People with Each Score
Percentile by Number Answered
Your Score History
You have not taken this quiz